Copper in the environment
Gardado en:
| Autor Principal: | |
|---|---|
| Formato: | Libro |
| Idioma: | inglés |
| Publicado: |
Nueva York
John Wiley
1979
|
| Series: | Environmental Science and Technology
|
| Subjects: | |
| Tags: |
Engadir etiqueta
Sen Etiquetas, Sexa o primeiro en etiquetar este rexistro!
|
MARC
| LEADER | 00000nam a2200000 a 4500 | ||
|---|---|---|---|
| 001 | UCT4402 | ||
| 003 | CL-VaPUC | ||
| 008 | 961112e19790000US |||||||||||||||||eng|d | ||
| 082 | 0 | 4 | |a 577 |b NRI |2 21 |
| 100 | |a Nriagu, Jerome O. |e author |9 373689 | ||
| 245 | 1 | 0 | |a Copper in the environment |
| 300 | |a v | ||
| 942 | |c BK | ||
| 945 | |d 19961112 00:00:00 |a paguirre | ||
| 260 | |a Nueva York |b John Wiley |c 1979 | ||
| 500 | |a v.1: Ecological cycling | ||
| 650 | 0 | |a Ecología |9 258124 | |
| 650 | 0 | |a Minerales |9 264051 | |
| 650 | 0 | |a Cobre |9 255767 | |
| 650 | 7 | |a EFECTOS AMBIENTALES |2 CL-VaPUC |9 346683 | |
| 650 | 7 | |a BIOGEOGRAFIA |2 CL-VaPUC |9 347934 | |
| 583 | |a last modification |c 19961112 00:00:00 |k Rodrigo Vera | ||
| 490 | 0 | |a Environmental Science and Technology | |
| 999 | |c 253773 |d 253771 | ||
| 952 | |0 0 |1 0 |4 0 |6 577_000000000000000_NRI_1979 |7 0 |8 A |9 274843 |a BIBCUR |b BIBCUR |d 2019-11-19 |h v.1 |i 1787330 |o 577 NRI 1979 |p 1787330 |r 2025-04-22 |w 2019-11-19 |y BK |k QUI | ||